00433nam a2200121Ia 4500008004100000020001800041100002100059245012400080260004300204300002000247650001700267650002700284190228s9999 xx 000 0 und d a9781119440659 aMolinaro, Vince. cVince Molinaro.--aThe Leadership contract field guide :bthe personal roadmap to becoming a truly accountable leader / aNew Jersey :bJohn Willey & Sonsc2018 avii, 248 pages. aLeardership. aOrganizational change.